Statystyki dla Wszystkie karty Ikon i Hero w EA FC 24

Kliknij tutaj aby rozwiązać quiz!

Ogólne statystyki

  • Ten quiz został rozwiązany 101 razy
  • Średni wynik to 87 z 166

Statystyki odpowiedzi

NarodowośćOverallZawodnik% Poprawnych
Ghana89Abedi Pele
100%
Brazylia95Pele
100%
Brazylia94Ronaldo
96%
Francja94Zinedine Zidane
96%
Włochy92Paolo Maldini
91%
Rosja92Lev Yashin
90%
Brazylia93Ronaldinho
90%
Węgry92Ferenc Puskas
88%
Holandia93Johan Cruyff
88%
Brazylia92Garrincha
82%
Brazylia90Roberto Carlos
81%
Holandia90Ruud Gullit
81%
Niemcy92Gerd Muller
79%
USA93Mia Hamm
79%
Portugalia91Eusebio
76%
Brazylia91Cafu
75%
Włochy89Alessandro Nesta
72%
Holandia91Marco van Basten
72%
Brazylia90Rivaldo
72%
Anglia92Bobby Charlton
69%
Brazylia91Carlos Alberto
69%
Holandia88Edwin van der Sar
69%
Irlandia Płn.90George Best
69%
Czechy88Petr Cech
69%
Niemcy89Philipp Lahm
69%
Włochy90Andrea Pirlo
66%
WKS89Didier Drogba
66%
Japonia91Homare Sawa
66%
Portugalia89Luis Figo
66%
Brazylia89Socrates
64%
Brazylia91Zico
64%
Brazylia89Kaka
63%
Niemcy90Lothar Matthaus
63%
Serbia87Nemanja Vidić
63%
Irlandia86Robbie Keane
63%
Irlandia86Roy Keane
63%
Francja91Thierry Henry
63%
Polska86Włodzimierz Smolarek
63%
WKS87Yaya Toure
63%
Czechy88Pavel Nedved
61%
Włochy91Franco Baresi
60%
Meksyk89Hugo Sanchez
60%
Brazylia89Jairzinho
60%
Polska86Jerzy Dudek
60%
Dania89Peter Schmeichel
60%
Anglia88Rio Ferdinand
60%
Hiszpania90Xavi
60%
Włochy89Fabio Cannavaro
58%
Hiszpania90Iker Casillas
58%
Francja88Laurent Blanc
58%
Meksyk86Luis Hernandez
58%
Francja88Marcel Desailly
58%
Niemcy88Miroslav Klose
58%
Arabia Saudyjska85Saeed Al-Owairan
58%
Kamerun89Samuel Eto'o
58%
Ukraina88Andriy Shevchenko
57%
Hiszpania89Carles Puyol
57%
Bułgaria89Christo Stoichkov
57%
Chorwacja87Davor Suker
57%
Japonia87Hidetoshi Nakata
57%
Szkocja89Kenny Dalglish
57%
Dania88Michael Laudrup
57%
Włochy90Alessandro Del Piero
55%
Anglia90Bobby Moore
55%
Francja89David Ginola
55%
Nigeria88Jay-Jay Okocha
55%
Australia85Tim Cahill
55%
Anglia86Ashley Cole
54%
Francja87Claude Makelele
54%
Urugwaj88Diego Forlan
54%
Rumunia88Gheorghe Hagi
54%
Szwecja86Henrik Larsson
54%
Anglia87Joe Cole
54%
Meksyk87Jorge Campos
54%
Holandia88Ronald Koeman
54%
Anglia88Wayne Rooney
54%
Hiszpania87Fernando Torres
52%
Anglia87Frank Lampard
52%
Walia87Ian Rush
52%
Korea Płd.86Ji-Sung Park
52%
Ghana86Michael Essien
52%
Hiszpania90Raul
52%
Niemcy92Birgit Prinz
51%
Holandia90Dennis Bergkamp
51%
Włochy87Gianfranco Zola
51%
Włochy86Gianluca Zambrotta
51%
Argentyna89Javier Zanetti
51%
Argentyna88Juan Roman Riquelme
51%
Anglia88Michael Owen
51%
Włochy91Roberto Baggio
51%
Portugalia87Rui Costa
51%
Holandia89Ruud van Nistelrooy
51%
Anglia88Steven Gerrard
51%
Bułgaria87Dimitar Berbatov
49%
Hiszpania88Fernando Hierro
49%
Niemcy87Michael Ballack
49%
Arabia Saudyjska86Sami Al-Jaber
49%
Włochy86Gennaro Gattuso
48%
USA86Landon Donovan
48%
Czechy86Tomas Rosicky
48%
Anglia88David Beckham
46%
Hiszpania89Emilio Butragueno
46%
Finlandia88Jari Litmanen
46%
Argentyna86Juan Sebastian Veron
46%
Portugalia88Paulo Futre
46%
Brazylia86Ramires
46%
Holandia88Robin van Persie
46%
Anglia89Alan Shearer
45%
USA85Clint Dempsey
45%
Francja87Emmanuel Petit
45%
Argentyna86Hernan Crespo
45%
Anglia89Kelly Smith
45%
Brazylia89Lucio
45%
Norwegia86Ole Gunnar Solskjaer
45%
Rosja86Aleksandr Mostovoi
43%
Anglia89Gary Lineker
43%
Belgia88Vincent Kompany
43%
Francja88Franck Ribery
42%
Nigeria86Nwankwo Kanu
42%
Anglia88Paul Scholes
42%
Niemcy85Lars Ricken
40%
Francja90Camille Abily
39%
Francja89Eric Cantona
39%
Szwecja86Freddie Ljungberg
39%
Włochy89Gianluca Vialli
39%
Kolumbia87Ivan Cordoba
39%
Francja87Robert Pires
39%
Włochy87Claudio Marchisio
37%
Francja87David Trezeguet
37%
Norwegia86John Arne Riise
37%
Anglia86Sol Campbell
37%
Hiszpania89Fernando Morientes
36%
Australia87Harry Kewell
36%
Francja88Patrick Vieira
36%
Anglia85Peter Crouch
36%
Francja86Sonia Bompastor
36%
Anglia85Alex Scott
34%
Włochy88Antonio di Natale
34%
Argentyna88Carlos Tevez
34%
Holandia87Clarence Seedorf
34%
Hiszpania86Joan Capdevila
34%
Anglia87John Barnes
34%
Szwecja87Tomas Brolin
34%
Hiszpania87Xabi Alonso
34%
Holandia87Frank Rijkaard
33%
Argentyna88Javier Mascherano
33%
Meksyk88Rafael Marquez
33%
Niemcy89Rudi Voller
33%
Niemcy88Bastian Schweinsteiger
31%
Francja88Bixente Lizarazu
31%
USA85Damarcus Beasley
31%
Urugwaj88Enzo Francescoli
31%
Anglia86Ledley King
31%
Francja86Sidney Govou
31%
Anglia87Steve McManaman
31%
Holandia88Wesley Sneijder
31%
Argentyna88Diego Milito
30%
Niemcy89Jurgen Kohler
30%
Francja86Ludovic Giuly
30%
Portugalia88Ricardo Carvalho
30%
Anglia87Ian Wright
28%
Niemcy88Nadine Kessler
28%
Holandia87Patrick Kluivert
28%
Holandia86Dirk Kuyt
27%
Francja89Jean-Pierre Papin
27%
Niemcy88Mario Gomez
24%

Rozkład punktacji

Percentyl według liczby udzielonych odpowiedzi

Procent ludzi z każdym wynikiem

Twoja historia wyników

Nie rozwiązałeś tego quizu